[Event "NCA-chT final"]
[Site "Managua"]
[Date "2019.11.10"]
[Round "8.1"]
[White "Ortiz, Marcos"]
[Black "Morales, Alvaro Antonio"]
[Result "1-0"]
[WhiteElo "2135"]
[BlackElo "2035"]
[PlyCount "83"]
[EventDate "2019.10.26"]
[EventType "team-tourn"]
[EventRounds "11"]
[EventCountry "NCA"]
[SourceTitle "EXT 2021"]
[Source "ChessBase"]
[SourceDate "2020.10.23"]
[SourceVersion "1"]
[SourceVersionDate "2020.10.23"]
[SourceQuality "1"]
[WhiteTeam "Soldados del Amor"]
[BlackTeam "Universidad de Ingenieria"]
[WhiteTeamCountry "NCA"]
[BlackTeamCountry "NCA"]

1. e4 c5 2. Nf3 Nc6 3. d4 cxd4 4. Nxd4 g6 5. Nc3 Bg7 6. Be3 Nf6 7. Bc4 0-0 8. Bb3 a5 9. 0-0 a4 10. Nxa4 Nxe4 11. Nb5 d5 12. Bb6 Qd7 13. Qe2 Ne5 14. Rad1 Nc4 15. Bxc4 Rxa4 16. Bxd5 Nd6 17. Nxd6 exd6 18. Bb3 Rb4 19. Bc5 dxc5 20. Rxd7 Bxd7 21. c3 Bb5 22. Qe7 Bxf1 23. cxb4 c4 24. Kxf1 cxb3 25. axb3 Bxb2 26. Qxb7 Be5 27. b5 Re8 28. Qd5 Bb8 29. Qd7 Kf8 30. b6 h5 31. b7 Re7 32. Qc8+ Re8 33. b4 Bd6 34. b5 Bb8 35. b6 Ke7 36. g3 Rd8 37. Qc7+ Ke8 38. f4 Rd7 39. Qc8+ Rd8 40. f5 gxf5 41. Qxf5 h4 42. gxh4 1-0

[Event "NCA-chT final"]
[Site "Managua"]
[Date "2019.10.27"]
[Round "2.1"]
[White "Garcia, Antonio3333"]
[Black "Morales, Alvaro Antonio"]
[Result "0-1"]
[WhiteElo "1812"]
[BlackElo "2035"]
[PlyCount "94"]
[EventDate "2019.10.26"]
[EventType "team-tourn"]
[EventRounds "11"]
[EventCountry "NCA"]
[SourceTitle "EXT 2021"]
[Source "ChessBase"]
[SourceDate "2020.10.23"]
[SourceVersion "1"]
[SourceVersionDate "2020.10.23"]
[SourceQuality "1"]
[WhiteTeam "Jose Raul Capablanca"]
[BlackTeam "Universidad de Ingenieria"]
[WhiteTeamCountry "NCA"]
[BlackTeamCountry "NCA"]

1. c4 c5 2. Nf3 Nc6 3. d4 cxd4 4. Nxd4 Nf6 5. Nc3 g6 6. g3 Bg7 7. Bg2 0-0 8. 0-0 d6 9. Nxc6 bxc6 10. Bxc6 Rb8 11. Bg2 Qa5 12. Nd5 Nxd5 13. Qxd5 Qa6 14. Qd3 Be6 15. Bd5 Bxd5 16. Qxd5 Rfc8 17. Qe4 Bf6 18. c5 Rxc5 19. a3 Re5 20. Qd3 Qxd3 21. exd3 Re2 22. Kg2 Bd4 23. Kf3 Rc2 24. Rb1 Rb3 25. Be3 Bxb2 26. Bxa7 Rxd3+ 27. Be3 Rxa3 28. Rfd1 f5 29. Re1 Bd4 30. Re2 Rxe2 31. Kxe2 Bxe3 32. fxe3 Ra2+ 33. Kf3 Rxh2 34. Rb4 Kf7 35. Ra4 e5 36. e4 Ke6 37. Ra8 fxe4+ 38. Kxe4 d5+ 39. Kf3 e4+ 40. Ke3 Rg2 41. Kf4 Rf2+ 42. Kg4 Rf7 43. Re8+ Re7 44. Ra8 Ke5 45. Ra5 Rf7 46. Ra4 e3 47. Ra2 d4 0-1

[Event "NCA-chT fase1"]
[Site "Managua"]
[Date "2019.10.12"]
[Round "7.1"]
[White "Izaba, Rodolfo"]
[Black "Morales, Alvaro Antonio"]
[Result "1-0"]
[WhiteElo "1985"]
[BlackElo "2035"]
[PlyCount "108"]
[EventDate "2019.09.28"]
[EventType "team-swiss"]
[EventRounds "9"]
[EventCountry "NCA"]
[SourceTitle "CBM 194 Extra"]
[Source "ChessBase"]
[SourceDate "2020.03.31"]
[SourceVersion "1"]
[SourceVersionDate "2020.03.31"]
[SourceQuality "1"]
[WhiteTeam "Jane Allens Knights"]
[BlackTeam "Universidad de Ingenieria"]
[WhiteTeamCountry "NCA"]
[BlackTeamCountry "NCA"]

1. e4 c5 2. Nf3 Nc6 3. Nc3 g6 4. g3 Bg7 5. Bg2 e6 6. 0-0 Nge7 7. d3 0-0 8. Be3 Nd4 9. Ne2 Qb6 10. c3 Nxe2+ 11. Qxe2 Qc7 12. Qd2 d5 13. Bh6 b6 14. Bxg7 Kxg7 15. exd5 Nxd5 16. Rfe1 Ba6 17. Ne5 Rad8 18. Ng4 Qe7 19. Qh6+ Kg8 20. Rad1 Rfe8 21. d4 c4 22. Rd2 b5 23. Rde2 Bb7 24. Re5 Rd6 25. h4 f6 26. R5e2 f5 27. Ne5 Qg7 28. Qg5 Qe7 29. Bxd5 Bxd5 30. a3 Qxg5 31. hxg5 Re7 32. f3 Rb6 33. Kf2 a5 34. Ke3 Reb7 35. Kf4 Re7 36. Rh2 Rc7 37. Reh1 Rg7 38. g4 fxg4 39. Nxg4 b4 40. Nf6+ Kf7 41. axb4 axb4 42. Rxh7 Bc6 43. Rxg7+ Kxg7 44. Rh7+ Kf8 45. Rc7 bxc3 46. bxc3 Ra6 47. Ng4 Bd5 48. Ne5 Ra3 49. Nxg6+ Kg8 50. Ne5 Rxc3 51. g6 Ra3 52. Kg5 Ra8 53. Kh6 Rd8 54. Rg7+ Kf8 1-0

[Event "NCA-chT final"]
[Site "Managua"]
[Date "2018.11.11"]
[Round "8.2"]
[White "Morales, Alvaro Antonio"]
[Black "Davila, Carlos"]
[Result "0-1"]
[WhiteElo "1994"]
[BlackElo "2254"]
[PlyCount "76"]
[EventDate "2018.10.27"]
[EventType "team-tourn"]
[EventRounds "11"]
[EventCountry "NCA"]
[SourceTitle "EXT 2020"]
[Source "ChessBase"]
[SourceDate "2019.10.17"]
[SourceVersion "1"]
[SourceVersionDate "2019.10.17"]
[SourceQuality "1"]

1. d4 Nf6 2. Nf3 c5 3. e3 b6 4. b3 g6 5. Bb2 Bg7 6. dxc5 bxc5 7. Be2 Bb7 8. 0-0 0-0 9. c4 d6 10. Nc3 Nbd7 11. Qc2 a5 12. Rae1 Nb6 13. e4 Nxe4 14. Nxe4 Bxe4 15. Qxe4 Bxb2 16. Bd3 e6 17. h4 d5 18. Qf4 a4 19. h5 axb3 20. axb3 dxc4 21. Bxc4 Qf6 22. Qd6 Nxc4 23. bxc4 Rac8 24. Re4 Rfd8 25. Qg3 Rd3 26. Rf4 Qg7 27. hxg6 hxg6 28. Re1 Rcd8 29. Qg5 Rd1 30. Qxc5 Rxe1+ 31. Nxe1 Rd1 32. Qc8+ Qf8 33. Qxf8+ Kxf8 34. Re4 Bc3 35. Kf1 Ke7 36. Re3 Rc1 37. f3 g5 38. Kf2 Bd4 0-1

[Event "NCA-chT final"]
[Site "Managua"]
[Date "2018.11.04"]
[Round "5.2"]
[White "Pichardo, Carlos"]
[Black "Morales, Alvaro Antonio"]
[Result "0-1"]
[WhiteElo "1673"]
[BlackElo "1994"]
[PlyCount "138"]
[EventDate "2018.10.27"]
[EventType "team-tourn"]
[EventRounds "11"]
[EventCountry "NCA"]
[SourceTitle "EXT 2020"]
[Source "ChessBase"]
[SourceDate "2019.10.17"]
[SourceVersion "1"]
[SourceVersionDate "2019.10.17"]
[SourceQuality "1"]

1. d4 Nf6 2. c4 c5 3. Nf3 g6 4. Nc3 cxd4 5. Nxd4 Bg7 6. e4 Nc6 7. Be3 0-0 8. Be2 d6 9. 0-0 Bd7 10. Rc1 Nxd4 11. Bxd4 Bc6 12. f3 a5 13. Nd5 Bxd5 14. cxd5 Nd7 15. Bxg7 Kxg7 16. Qb3 Nc5 17. Qc3+ Kg8 18. Kh1 Qb6 19. b3 Rfc8 20. Qd2 Qb4 21. Qxb4 axb4 22. Rc2 Ra3 23. Rf2 Rca8 24. Bf1 Kg7 25. h4 h5 26. Kh2 Kf6 27. g3 R8a7 28. Rfd2 Nd7 29. Kg2 Ne5 30. Kf2 R3a5 31. Ke3 b6 32. Bg2 Rc5 33. Rxc5 bxc5 34. Rc2 Ra3 35. Bf1 Nd7 36. f4 Nb6 37. Bb5 Kg7 38. Kf3 f5 39. Ke3 Ra5 40. Bd3 Kf6 41. Kf3 Ra3 42. Ke3 fxe4 43. Kxe4 e6 44. dxe6 Kxe6 45. Kf3 Kf6 46. Bb5 Ra5 47. Bd3 Nd5 48. Rd2 Nc3 49. Be4 Ra6 50. Ke3 Nxa2 51. Rd5 Nc3 52. Rg5 Nxe4 53. Kxe4 Ra1 54. Rd5 Re1+ 55. Kf3 Ke7 56. Rg5 Rb1 57. Rxg6 Rxb3+ 58. Ke4 Rb1 59. Kd5 Rd1+ 60. Kc4 Rd4+ 61. Kb3 Rd3+ 62. Kc2 c4 63. Rg7+ Kf6 64. Rb7 b3+ 65. Kb2 d5 66. Rh7 Rd2+ 67. Kb1 c3 68. Kc1 b2+ 69. Kb1 Rd1+ 0-1

[Event "NCA-chT final"]
[Site "Managua"]
[Date "2017.11.11"]
[Round "7.1"]
[White "Davila, Carlos"]
[Black "Morales, Alvaro Antonio"]
[Result "1-0"]
[WhiteElo "2254"]
[BlackElo "1943"]
[PlyCount "73"]
[EventDate "2017.10.21"]
[EventType "team-tourn"]
[EventRounds "9"]
[EventCountry "NCA"]
[SourceTitle "CBM 181 Extra"]
[Source "ChessBase"]
[SourceDate "2017.12.12"]
[SourceVersion "1"]
[SourceVersionDate "2017.12.12"]
[SourceQuality "1"]

1. d4 Nf6 2. c4 c5 3. d5 b5 4. cxb5 a6 5. b6 g6 6. Nc3 Qxb6 7. g3 d6 8. Bg2 Bg7 9. Nf3 0-0 10. 0-0 Nbd7 11. h3 a5 12. Qc2 Ba6 13. Rd1 Rfb8 14. Rb1 Qc7 15. e4 c4 16. Be3 Nc5 17. Nd4 Nd3 18. Nc6 Re8 19. a3 Nd7 20. b4 cxb3 21. Rxb3 N7e5 22. Nb5 Bxb5 23. Rxb5 Nc5 24. Bxc5 dxc5 25. Rxc5 Nxc6 26. Rxc6 Qe5 27. Qa4 Qb2 28. d6 exd6 29. Rcxd6 Bf8 30. R6d3 Bc5 31. R1d2 Qb1+ 32. Bf1 Qe1 33. Re2 Qa1 34. Rc2 Rac8 35. Rxc5 Rxc5 36. Qxe8+ Kg7 37. Rd8 1-0

[Event "NCA-chT final"]
[Site "Managua"]
[Date "2017.10.29"]
[Round "6.1"]
[White "Morales, Alvaro Antonio"]
[Black "Garcia, Ricardo2222"]
[Result "1/2-1/2"]
[WhiteElo "1943"]
[BlackElo "2134"]
[PlyCount "66"]
[EventDate "2017.10.21"]
[EventType "team-tourn"]
[EventRounds "9"]
[EventCountry "NCA"]
[SourceTitle "CBM 181 Extra"]
[Source "ChessBase"]
[SourceDate "2017.12.12"]
[SourceVersion "1"]
[SourceVersionDate "2017.12.12"]
[SourceQuality "1"]

1. d4 Nf6 2. Nf3 b6 3. Bf4 Bb7 4. e3 g6 5. Be2 Bg7 6. 0-0 0-0 7. h3 d6 8. c4 Nbd7 9. Nc3 Re8 10. Qc2 e5 11. Bh2 exd4 12. Nxd4 Nc5 13. Bf3 Nfe4 14. Nxe4 Bxe4 15. Bxe4 Nxe4 16. Rfd1 a6 17. Rac1 Qf6 18. b4 h5 19. Nb3 Bh6 20. Rd3 a5 21. bxa5 bxa5 22. Nd4 g5 23. Nb5 Re7 24. Nc3 Nxc3 25. Qxc3 Qxc3 26. Rdxc3 Rb8 27. Ra3 Re4 28. Rb3 Rxb3 29. axb3 Bg7 30. Rc2 Re8 31. c5 Rb8 32. cxd6 cxd6 33. Bxd6 Rxb3 1/2-1/2

[Event "Managua Ramirez de Arellano Memorial"]
[Site "Managua"]
[Date "2017.07.30"]
[Round "9"]
[White "Morales, Alvaro Antonio"]
[Black "Sanchez, Steven"]
[Result "1/2-1/2"]
[WhiteElo "1892"]
[BlackElo "1942"]
[PlyCount "56"]
[EventDate "2017.07.15"]
[EventType "swiss"]
[EventRounds "9"]
[EventCountry "NCA"]
[SourceTitle "EXT 2018"]
[Source "ChessBase"]
[SourceDate "2017.10.13"]
[SourceVersion "1"]
[SourceVersionDate "2017.10.13"]
[SourceQuality "1"]

1. d4 d5 2. Nf3 Nf6 3. Bf4 c6 4. e3 Bg4 5. c4 e6 6. Qb3 Qb6 7. c5 Qxb3 8. axb3 Nbd7 9. h3 Bf5 10. b4 Bxb1 11. Rxb1 a6 12. Bd3 Be7 13. Nd2 Nh5 14. Bh2 f5 15. 0-0 0-0 16. Nb3 Bd8 17. Na5 Ra7 18. Bd6 Rf7 19. Ra1 Ndf6 20. Rfc1 Ne4 21. Bxe4 fxe4 22. Rc2 Nf6 23. Rc3 Nd7 24. Rc2 Nf6 25. Rc3 Nd7 26. Rc2 Nf6 27. Rc3 Nd7 28. Rc2 Nf6 1/2-1/2

[Event "Managua Ramirez de Arellano Memorial"]
[Site "Managua"]
[Date "2017.07.20"]
[Round "4"]
[White "Salgado, Wilbert"]
[Black "Morales, Alvaro Antonio"]
[Result "0-1"]
[WhiteElo "1703"]
[BlackElo "1892"]
[PlyCount "88"]
[EventDate "2017.07.15"]
[EventType "swiss"]
[EventRounds "9"]
[EventCountry "NCA"]
[SourceTitle "EXT 2018"]
[Source "ChessBase"]
[SourceDate "2017.10.13"]
[SourceVersion "1"]
[SourceVersionDate "2017.10.13"]
[SourceQuality "1"]

1. d4 Nf6 2. Bg5 Ne4 3. Nf3 Nxg5 4. Nxg5 e5 5. Nf3 e4 6. Nfd2 d5 7. e3 Nd7 8. c4 c6 9. Be2 Be7 10. cxd5 cxd5 11. Nc3 Nf6 12. Qa4+ Bd7 13. Bb5 Bxb5 14. Qxb5+ Qd7 15. Qxd7+ Kxd7 16. Ke2 Rhc8 17. Rac1 Rc6 18. Nb3 Rac8 19. Na4 Rc2+ 20. Rxc2 Rxc2+ 21. Nd2 Bb4 22. Nc5+ Bxc5 23. dxc5 Rxb2 24. Rc1 Rxa2 25. Ke1 Ng4 26. h3 Nxf2 27. Rb1 Nd3+ 28. Ke2 Nxc5 29. Ke1 a5 30. Rb5 Kc6 31. Rb1 Nd3+ 32. Kd1 a4 33. Ke2 b5 34. Rf1 f6 35. Rf5 a3 36. Kd1 Ra1+ 37. Kc2 Rc1+ 38. Kb3 a2 39. Kxa2 Rc2+ 40. Kb3 Rxd2 41. g4 Kc5 42. Kc3 Rh2 43. g5 b4+ 44. Kb3 Nc1+ 0-1

[Event "Managua Ramirez de Arellano Memorial"]
[Site "Managua"]
[Date "2017.07.16"]
[Round "2"]
[White "Leon Sandoval, Johan"]
[Black "Morales, Alvaro Antonio"]
[Result "1/2-1/2"]
[WhiteElo "1745"]
[BlackElo "1892"]
[PlyCount "86"]
[EventDate "2017.07.15"]
[EventType "swiss"]
[EventRounds "9"]
[EventCountry "NCA"]
[SourceTitle "EXT 2018"]
[Source "ChessBase"]
[SourceDate "2017.10.13"]
[SourceVersion "1"]
[SourceVersionDate "2017.10.13"]
[SourceQuality "1"]

1. c4 Nf6 2. Nc3 e6 3. g3 d5 4. cxd5 exd5 5. d4 Be7 6. Bg2 0-0 7. Nf3 c6 8. 0-0 Nbd7 9. a3 Nb6 10. b4 Nc4 11. Nd2 Nd6 12. Bb2 Nf5 13. e3 Re8 14. Nf3 Bd6 15. Qd3 a6 16. Rac1 Ne4 17. Rfe1 Qf6 18. Qc2 Ng5 19. Nxg5 Qxg5 20. Qd3 Nh6 21. e4 Qg6 22. Qc2 Bd7 23. e5 Qxc2 24. Rxc2 Bf5 25. Rcc1 Bf8 26. h3 Be7 27. Nd1 Bd7 28. Ne3 Nf5 29. Nxf5 Bxf5 30. g4 Bd3 31. f4 a5 32. bxa5 Rxa5 33. Bf1 Bxf1 34. Rxf1 Rb5 35. Rc2 Ra8 36. Ra1 Ra4 37. Kf2 Kf8 38. Ke2 Ke8 39. Kd2 Kd8 40. f5 Rxb2 41. Rxb2 Bxa3 42. Rb3 Bb4+ 43. Rxb4 Rxb4 1/2-1/2

[Event "Managua Ramirez de Arellano Memorial"]
[Site "Managua"]
[Date "2017.07.15"]
[Round "1"]
[White "Morales, Alvaro Antonio"]
[Black "Ruiz Treminio, Bismark"]
[Result "1-0"]
[WhiteElo "1892"]
[BlackElo "1146"]
[PlyCount "61"]
[EventDate "2017.07.15"]
[EventType "swiss"]
[EventRounds "9"]
[EventCountry "NCA"]
[SourceTitle "EXT 2018"]
[Source "ChessBase"]
[SourceDate "2017.10.13"]
[SourceVersion "1"]
[SourceVersionDate "2017.10.13"]
[SourceQuality "1"]

1. f4 d5 2. Nf3 Nc6 3. e3 e6 4. d4 Bd6 5. Nbd2 Nf6 6. Bd3 Qe7 7. a3 Bd7 8. Qe2 a6 9. Ne5 0-0 10. 0-0 Bxe5 11. fxe5 Ne8 12. b3 f6 13. exf6 Rxf6 14. Nf3 Rf7 15. e4 g6 16. Bg5 Qf8 17. c4 b5 18. cxd5 exd5 19. e5 Be6 20. Qe3 Ng7 21. Bf6 Bf5 22. Ng5 Re7 23. g4 Qc8 24. gxf5 Nxf5 25. Bxf5 gxf5 26. Rac1 Nd8 27. Qf3 Nf7 28. Qxd5 Qe8 29. Nxf7 Rxf7 30. Rxf5 Qd7 31. Qxa8+ 1-0

[Event "NCA-ch U20"]
[Site "Managua"]
[Date "2016.07.10"]
[Round "9"]
[White "Alvarez Gutierrez, Patricia"]
[Black "Morales, Alvaro Antonio"]
[Result "1-0"]
[WhiteElo "1210"]
[BlackElo "1886"]
[PlyCount "99"]
[EventDate "2016.06.25"]
[EventType "swiss"]
[EventRounds "9"]
[EventCountry "NCA"]
[SourceTitle "EXT 2018"]
[Source "ChessBase"]
[SourceDate "2017.10.13"]
[SourceVersion "1"]
[SourceVersionDate "2017.10.13"]
[SourceQuality "1"]

1. d4 d5 2. c4 e6 3. Nc3 f5 4. Bf4 c6 5. e3 Nf6 6. a3 Bd6 7. Bxd6 Qxd6 8. f4 0-0 9. cxd5 exd5 10. Bd3 Ne4 11. Rc1 Qe7 12. Qe2 Be6 13. Nf3 Nd7 14. 0-0 Bf7 15. Qe1 Rae8 16. Nd1 c5 17. dxc5 Ndxc5 18. Bxe4 dxe4 19. Ne5 Rc8 20. Rc3 Rfd8 21. Nf2 Be8 22. Qc1 Nb3 23. Qc2 Rxc3 24. Qxc3 Nc5 25. Qb4 b6 26. Kh1 Qd6 27. g4 fxg4 28. Nfxg4 h5 29. Nf2 Qd2 30. Qxd2 Rxd2 31. b4 Nd7 32. Nxe4 Ra2 33. Nc4 Bf7 34. Ned6 Bxc4 35. Nxc4 b5 36. Nd6 a6 37. Re1 g6 38. e4 Rxa3 39. e5 Ra4 40. e6 Nf6 41. e7 Rxb4 42. Re6 Rb1+ 43. Kg2 Rb2+ 44. Kf1 Ne8 45. Nxe8 Kf7 46. Nc7 Rxh2 47. e8Q+ Kg7 48. Qe7+ Kh8 49. Rxg6 Rh3 50. Qg7# 1-0

[Event "NCA-ch U20"]
[Site "Managua"]
[Date "2016.06.26"]
[Round "3"]
[White "Morales, Alvaro Antonio"]
[Black "Castillo Sevilla, Ian Eiffel"]
[Result "1-0"]
[WhiteElo "1886"]
[BlackElo "1730"]
[PlyCount "39"]
[EventDate "2016.06.25"]
[EventType "swiss"]
[EventRounds "9"]
[EventCountry "NCA"]
[SourceTitle "EXT 2018"]
[Source "ChessBase"]
[SourceDate "2017.10.13"]
[SourceVersion "1"]
[SourceVersionDate "2017.10.13"]
[SourceQuality "1"]

1. d4 d5 2. Nf3 e6 3. Bf4 Nf6 4. e3 Bd7 5. c4 c5 6. Nc3 cxd4 7. exd4 Be7 8. Bd3 dxc4 9. Bxc4 0-0 10. 0-0 Bc6 11. Nb5 Ne8 12. Ne5 Nd6 13. Nxd6 Bxd6 14. Qh5 Qf6 15. Bg5 Qf5 16. Bd3 Be4 17. g4 g6 18. Qh4 Qxg5 19. Qxg5 Bxe5 20. Bxe4 1-0

[Event "NCA-chT"]
[Site "Managua"]
[Date "2015.11.29"]
[Round "8.2"]
[White "Morales, Alvaro Antonio"]
[Black "Rocha, Maximiliano"]
[Result "1/2-1/2"]
[WhiteElo "1864"]
[BlackElo "2205"]
[PlyCount "53"]
[EventDate "2015.11.14"]
[EventType "team-tourn"]
[EventRounds "9"]
[EventCountry "NCA"]
[SourceTitle "EXT 2018"]
[Source "ChessBase"]
[SourceDate "2017.10.13"]
[SourceVersion "1"]
[SourceVersionDate "2017.10.13"]
[SourceQuality "1"]
[WhiteTeam "Caruna"]
[BlackTeam "St Augustine School"]
[WhiteTeamCountry "NCA"]
[BlackTeamCountry "NCA"]

1. d4 Nf6 2. Nf3 e6 3. e3 d5 4. Bd3 Bd6 5. Nbd2 c5 6. c3 b6 7. Ne5 0-0 8. Qe2 Bb7 9. 0-0 Ne4 10. f3 Nxd2 11. Bxd2 f6 12. f4 Qe8 13. Nf3 Nd7 14. e4 cxd4 15. cxd4 e5 16. exd5 exf4 17. Qe6+ Qxe6 18. dxe6 Nb8 19. Bc4 Re8 20. d5 Ba6 21. Rac1 Rc8 22. b3 Bb7 23. Kh1 Na6 24. Nd4 Nc7 25. Nf5 Ba3 26. d6 Bxc1 27. Bxc1 1/2-1/2